[Event "LV C.to Italiano"]
[Site "Verona ITA"]
[Date "1995.12.??"]
[Round "1"]
[White "Contin, Daniel"]
[Black "Arlandi, Ennio"]
[Result "1/2-1/2"]
[WhiteElo "2365"]
[BlackElo "2455"]
[PlyCount "99"]
[EventDate "1995.12.08"]

1. c4 e6 2. g3 d5 3. Bg2 Nf6 4. Nf3 Be7 5. b3 O-O 6. O-O b6 7. Bb2 Bb7 8. e3 c5
9. Qe2 dxc4 10. bxc4 Nc6 11. d3 Qc7 12. Nbd2 Rfd8 13. Ne1 Nb4 14. Bxb7 Qxb7 15.
a4 Ne8 16. e4 Qd7 17. Ra3 Nc6 18. f4 Nd4 19. Qg2 a6 20. Ndf3 Rab8 21. Ne5 Qc7
22. Bxd4 cxd4 23. Rb3 Bc5 24. Qh3 Qd6 25. Nxf7 Kxf7 26. e5 Qc6 27. Qxh7 Ke7 28.
Nf3 Kd7 29. Qg6 Be7 30. Kf2 Qxa4 31. Rfb1 Qc6 32. g4 a5 33. Kg3 Kc7 34. Rb5 a4
35. Qf7 Rd7 36. Nxd4 Bh4+ 37. Kxh4 Rxf7 38. Nxc6 Kxc6 39. Kg5 a3 40. R5b3 a2
41. Ra1 Ra7 42. h4 Nc7 43. Kg6 Kc5 44. Rb2 Rba8 45. h5 b5 46. cxb5 Nxb5 47.
Rc1+ Kb6 48. Ra1 Kc5 49. Rc1+ Kb6 50. Ra1 1/2-1/2

[Event "LV C.to Italiano"]
[Site "Verona ITA"]
[Date "1995.12.??"]
[Round "1"]
[White "De Santis, Alessio"]
[Black "Sarno, Spartaco"]
[Result "0-1"]
[WhiteElo "2260"]
[BlackElo "2405"]
[PlyCount "134"]
[EventDate "1995.12.08"]

1. d4 g6 2. Nf3 Nf6 3. Nbd2 d5 4. e3 Bg7 5. Be2 O-O 6. O-O Nbd7 7. b3 b6 8. Bb2
Bb7 9. c4 c5 10. Qc2 e6 11. Rad1 Qc7 12. Rfe1 Rac8 13. Qb1 Rfd8 14. a4 cxd4 15.
exd4 Bf8 16. Bd3 Bb4 17. Re2 Nh5 18. g3 Ng7 19. Ba1 Nf5 20. Qb2 Bf8 21. c5 Bg7
22. cxb6 axb6 23. b4 Nd6 24. Nb3 Nc4 25. Qc1 Qd6 26. Bc3 Ra8 27. Ra2 Rdc8 28.
Qa1 Nf6 29. a5 bxa5 30. Nxa5 Nxa5 31. Rxa5 Ne4 32. Be1 Qc7 33. Rb1 Nd6 34. Ra7
Nc4 35. Rc1 Qb6 36. Ra2 Bf8 37. Rxa8 Rxa8 38. Qb1 Ba6 39. Qb3 Bb5 40. Rb1 Ra3
41. Qd1 Ne3 42. fxe3 Bxd3 43. Rb2 Bh6 44. Bd2 Qa6 45. Kf2 Ra1 46. Bc1 Qc4 47.
Ne5 Rxc1 48. Qxd3 Qc8 49. b5 Rc3 50. Nc6 Rxd3 51. Ne7+ Kf8 52. Nxc8 Bxe3+ 53.
Ke2 Rc3 54. Nd6 Bxd4 55. Rb1 Be5 56. Nb7 Rc2+ 57. Kf3 Rxh2 58. Na5 Rh3 59. Nc6
Rxg3+ 60. Kf2 Bd6 61. b6 Rc3 62. Na5 Bb8 63. b7 Rc5 64. Ra1 Kg7 65. Ke3 Rb5 66.
Kd3 Bc7 67. Ra3 Bxa5 0-1

[Event "LV C.to Italiano"]
[Site "Verona ITA"]
[Date "1995.12.??"]
[Round "1"]
[White "Marinelli, Tullio"]
[Black "Belotti, Bruno"]
[Result "1/2-1/2"]
[WhiteElo "2440"]
[BlackElo "2380"]
[PlyCount "85"]
[EventDate "1995.12.08"]

1. d4 Nf6 2. c4 g6 3. Nc3 Bg7 4. e4 d6 5. f3 O-O 6. Be3 c5 7. dxc5 dxc5 8. Qxd8
Rxd8 9. Bxc5 Nc6 10. Rd1 Rxd1+ 11. Kxd1 Nd7 12. Ba3 Bxc3 13. bxc3 b6 14. Ne2 e5
15. Nc1 a5 16. Kc2 Ba6 17. Be2 Kg7 18. Rd1 Ra7 19. Bd6 a4 20. Bb4 Rc7 21. Kb2
f6 22. Ka3 Ra7 23. Rd6 Nd8 24. c5 Bxe2 25. cxb6 Nxb6 26. Rxb6 Bf1 27. Rd6 Nf7
28. Rd2 Ng5 29. Kb2 h5 30. Nd3 h4 31. Nc5 h3 32. gxh3 Bxh3 33. Rf2 Ra8 34. Nb7
Ne6 35. Nd6 Nf4 36. Kc2 Be6 37. c4 Ra6 38. a3 Rc6 39. Kc3 f5 40. exf5 gxf5 41.
c5 Kf6 42. Kd2 Bd5 43. Nb5 1/2-1/2

[Event "LV C.to Italiano"]
[Site "Verona ITA"]
[Date "1995.12.??"]
[Round "1"]
[White "Martorelli, Antonio"]
[Black "Tatai, Stefano"]
[Result "1-0"]
[WhiteElo "2320"]
[BlackElo "2435"]
[PlyCount "71"]
[EventDate "1995.12.08"]

1. e4 c5 2. c3 Qa5 3. Nf3 Nc6 4. Na3 Nf6 5. e5 Nd5 6. Bc4 e6 7. O-O Nc7 8. d4
cxd4 9. b4 Qb6 10. Rb1 d5 11. exd6 Bxd6 12. cxd4 O-O 13. b5 Na5 14. Bd3 Nd5 15.
Qe1 Qd8 16. Nc2 b6 17. Bd2 Bb7 18. Ng5 g6 19. f4 Kg7 20. Qh4 h6 21. f5 Rh8 22.
f6+ Nxf6 23. Nxf7 Kxf7 24. Rxf6+ Qxf6 25. Rf1 Qxf1+ 26. Kxf1 g5 27. Qg4 Ke7 28.
Bb4 Raf8+ 29. Kg1 Rf4 30. Qg3 Bxb4 31. Nxb4 Rxd4 32. Qe5 Rdd8 33. Bf5 Bc8 34.
Be4 Rhf8 35. Nd5+ Kd7 36. Qc7+ 1-0

[Event "LV C.to Italiano"]
[Site "Verona ITA"]
[Date "1995.12.??"]
[Round "1"]
[White "Tencati, Giuseppe"]
[Black "Godena, Michele"]
[Result "0-1"]
[WhiteElo "1900"]
[BlackElo "2420"]
[PlyCount "36"]
[EventDate "1995.12.08"]

1. Nf3 d5 2. d4 c6 3. c4 e6 4. Nc3 Nf6 5. Bg5 h6 6. Bh4 dxc4 7. e4 g5 8. Bg3 b5
9. a3 Bb7 10. Ne5 Nbd7 11. Be2 Bg7 12. O-O Qb6 13. Qd2 Rd8 14. Qe3 O-O 15. Rad1
c5 16. d5 exd5 17. Nxd5 Nxd5 18. exd5 Nxe5 0-1

[Event "LV C.to Italiano"]
[Site "Verona ITA"]
[Date "1995.12.??"]
[Round "2"]
[White "Arlandi, Ennio"]
[Black "Tencati, Giuseppe"]
[Result "1-0"]
[WhiteElo "2455"]
[BlackElo "1900"]
[PlyCount "93"]
[EventDate "1995.12.08"]

1. d4 d5 2. c4 c6 3. Nc3 Nf6 4. e3 e6 5. Nf3 Nbd7 6. Qc2 a6 7. b3 b5 8. Bb2 Bd6
9. Be2 O-O 10. O-O Qe7 11. e4 dxe4 12. Nxe4 Nxe4 13. Qxe4 Nf6 14. Qc2 Bb7 15.
Ne5 b4 16. Nd3 a5 17. Bf3 Qc7 18. g3 Nd7 19. Qd2 h6 20. c5 Be7 21. a3 Ba6 22.
axb4 Bg5 23. Qc2 axb4 24. Rxa6 Rxa6 25. Nxb4 Rfa8 26. Nxa6 Rxa6 27. Ra1 Rxa1+
28. Bxa1 Bf6 29. Qa2 Qb7 30. Qa4 Nb8 31. Bc3 Kf8 32. Kf1 g6 33. h4 h5 34. Kg2
Kg8 35. Bd2 Bd8 36. Bf4 Bc7 37. Bg5 Kf8 38. Bf6 Kg8 39. Qc4 Kf8 40. Qc1 Ke8 41.
Qh6 Qxb3 42. Qh8+ Kd7 43. Qf8 e5 44. Qe7+ Kc8 45. Bxe5 Bxe5 46. Qxe5 Qc4 47.
Qd6 1-0

[Event "LV C.to Italiano"]
[Site "Verona ITA"]
[Date "1995.12.??"]
[Round "2"]
[White "Belotti, Bruno"]
[Black "Sarno, Spartaco"]
[Result "1/2-1/2"]
[WhiteElo "2380"]
[BlackElo "2405"]
[PlyCount "20"]
[EventDate "1995.12.08"]

1. e4 d6 2. d4 Nf6 3. Nc3 g6 4. Nf3 Bg7 5. Be2 O-O 6. O-O c6 7. h3 Nbd7 8. a4
Qc7 9. Be3 Rd8 10. Qd2 d5 1/2-1/2

[Event "LV C.to Italiano"]
[Site "Verona ITA"]
[Date "1995.12.??"]
[Round "2"]
[White "Godena, Michele"]
[Black "De Santis, Alessio"]
[Result "1-0"]
[WhiteElo "2420"]
[BlackElo "2260"]
[PlyCount "87"]
[EventDate "1995.12.08"]

1. e4 d6 2. d4 Nf6 3. Bd3 e5 4. c3 c6 5. Nf3 Nbd7 6. O-O Be7 7. Re1 O-O 8. a4
a5 9. Nbd2 Re8 10. Qc2 Qc7 11. b3 Nf8 12. h3 Ng6 13. Bf1 Bd7 14. g3 b5 15. Bb2
bxa4 16. bxa4 Rab8 17. Ba3 d5 18. dxe5 Nxe4 19. Nxe4 dxe4 20. Qxe4 Bxa3 21.
Rxa3 c5 22. Bc4 Bc6 23. Bd5 Bxd5 24. Qxd5 Rbd8 25. Qe4 Rd7 26. Ra2 Rde7 27.
Rae2 Kh8 28. Qd5 h6 29. e6 f6 30. Qd3 Nf8 31. Nh4 c4 32. Qd5 g6 33. Nf3 Kg7 34.
Nd4 Rd8 35. Qe4 Qc5 36. Qf3 Rd6 37. h4 h5 38. Qa8 Qb6 39. Qc8 Rd8 40. Qxc4 Rd6
41. Qc8 Rc7 42. Qe8 Qa7 43. e7 Nh7 44. Ne6+ 1-0

[Event "LV C.to Italiano"]
[Site "Verona ITA"]
[Date "1995.12.??"]
[Round "2"]
[White "Marinelli, Tullio"]
[Black "Martorelli, Antonio"]
[Result "1-0"]
[WhiteElo "2440"]
[BlackElo "2320"]
[PlyCount "91"]
[EventDate "1995.12.08"]

1. d4 d5 2. c4 c6 3. Nf3 e6 4. e3 Nf6 5. Nbd2 Nbd7 6. Bd3 Be7 7. O-O O-O 8. e4
dxe4 9. Nxe4 Nxe4 10. Bxe4 c5 11. Be3 Nf6 12. Bc2 b6 13. dxc5 bxc5 14. Qxd8
Rxd8 15. Ne5 Bb7 16. f3 Nd7 17. Nxd7 Rxd7 18. Rad1 Rad8 19. Rxd7 Rxd7 20. Ba4
Rd8 21. Rf2 f5 22. Kf1 g5 23. Rd2 Rxd2 24. Bxd2 Kf7 25. Be3 a6 26. Bd7 Kf6 27.
h3 Ke5 28. Ke2 Kd6 29. Be8 Bf6 30. b3 e5 31. g4 f4 32. Bd2 e4 33. fxe4 Bxe4 34.
a3 f3+ 35. Kf2 a5 36. Bf7 h6 37. Bd5 Bd4+ 38. Be3 Bxe3+ 39. Kxe3 Bxd5 40. cxd5
a4 41. bxa4 Kxd5 42. Kxf3 Kc4 43. a5 Kb5 44. Ke4 Kxa5 45. Kd3 Kb5 46. Kc3 1-0

[Event "LV C.to Italiano"]
[Site "Verona ITA"]
[Date "1995.12.??"]
[Round "2"]
[White "Tatai, Stefano"]
[Black "Contin, Daniel"]
[Result "1/2-1/2"]
[WhiteElo "2435"]
[BlackElo "2365"]
[PlyCount "51"]
[EventDate "1995.12.08"]

1. e4 e6 2. d4 d5 3. Nc3 Bb4 4. exd5 exd5 5. Nf3 Bf5 6. a3 Be7 7. Bd3 Bxd3 8.
Qxd3 c6 9. O-O Nf6 10. Re1 O-O 11. Bg5 Nbd7 12. Re2 Bd6 13. Rae1 Qc7 14. Ne5
Bxe5 15. dxe5 Nc5 16. Qg3 Nfd7 17. Be7 Rfe8 18. Bd6 Qb6 19. b4 Ne6 20. Rd2 g6
21. Na4 Qa6 22. Nb2 Ng7 23. Qb3 Nf5 24. Rdd1 b5 25. Nd3 Qb6 26. Bc5 1/2-1/2

[Event "LV C.to Italiano"]
[Site "Verona ITA"]
[Date "1995.12.??"]
[Round "3"]
[White "Contin, Daniel"]
[Black "Marinelli, Tullio"]
[Result "0-1"]
[WhiteElo "2365"]
[BlackElo "2440"]
[PlyCount "114"]
[EventDate "1995.12.08"]

1. Nf3 Nf6 2. c4 b6 3. g3 Bb7 4. Bg2 e6 5. O-O Be7 6. Nc3 O-O 7. Re1 d5 8. cxd5
exd5 9. d4 c5 10. Bf4 Na6 11. Rc1 Nc7 12. Bxc7 Qxc7 13. dxc5 bxc5 14. e3 Rfe8
15. Qc2 Rac8 16. Red1 Bf8 17. Ng5 h6 18. Nf3 Red8 19. Qf5 Qb6 20. Ne5 Rc7 21.
Nc4 Qe6 22. Qxe6 fxe6 23. Nb5 Rc6 24. e4 Ba6 25. a4 Bxb5 26. axb5 Rc7 27. Bh3
Re8 28. exd5 exd5 29. Ne3 d4 30. Nc2 Rb7 31. Bf1 g6 32. Ne1 Kg7 33. Bc4 Ng4 34.
Bd5 Rc7 35. Nf3 Rcc8 36. Nxd4 cxd4 37. Rxc8 Rxc8 38. Be6 Nxf2 39. Kxf2 Rc2+ 40.
Kf3 Bc5 41. b4 Bb6 42. h4 Rc3+ 43. Ke4 Re3+ 44. Kd5 Rxg3 45. Rf1 h5 46. Rf7+
Kh6 47. Rd7 Rf3 48. Ke5 Re3+ 49. Kf6 Re4 50. Kf7 Rxh4 51. Rd6 Rf4+ 52. Ke7 h4
53. Bf7 Rg4 54. Be6 Rg3 55. Kf7 Rf3+ 56. Kg8 Rf6 57. Rc6 d3 0-1

[Event "LV C.to Italiano"]
[Site "Verona ITA"]
[Date "1995.12.??"]
[Round "3"]
[White "De Santis, Alessio"]
[Black "Arlandi, Ennio"]
[Result "1/2-1/2"]
[WhiteElo "2260"]
[BlackElo "2455"]
[PlyCount "86"]
[EventDate "1995.12.08"]

1. d4 d5 2. Nf3 e6 3. e3 Nf6 4. Bd3 Be7 5. Nbd2 c5 6. c3 O-O 7. Ne5 b6 8. f4 a5
9. Qf3 Ba6 10. Bc2 Nfd7 11. Qh3 f5 12. g4 Nxe5 13. dxe5 g6 14. Rg1 Kh8 15. Nf3
Rg8 16. Bd2 Nc6 17. Kf2 Qf8 18. Rg3 Qf7 19. Rag1 b5 20. a3 Rab8 21. gxf5 gxf5
22. Rxg8+ Rxg8 23. Rxg8+ Kxg8 24. Ke1 a4 25. Kd1 Na5 26. Kc1 Nc4 27. Bd3 Qg6
28. Bxc4 dxc4 29. Be1 Bb7 30. Kd2 Qg4 31. Qxg4+ fxg4 32. Bh4 gxf3 33. Bxe7 Kf7
34. Bxc5 Kg6 35. e4 Bxe4 36. Ke3 Kf5 37. Bb4 Bc6 38. h3 f2 39. Kxf2 Kxf4 40.
Bd6 Bf3 41. Bc7 Bh5 42. Bd6 Ke4 43. Bc7 Kd3 1/2-1/2

[Event "LV C.to Italiano"]
[Site "Verona ITA"]
[Date "1995.12.??"]
[Round "3"]
[White "Martorelli, Antonio"]
[Black "Belotti, Bruno"]
[Result "0-1"]
[WhiteElo "2320"]
[BlackElo "2380"]
[PlyCount "74"]
[EventDate "1995.12.08"]

1. e4 c5 2. c3 d5 3. exd5 Qxd5 4. d4 e6 5. Nf3 Nf6 6. Bd3 Be7 7. O-O O-O 8. c4
Qd8 9. Nc3 cxd4 10. Nxd4 a6 11. b3 b6 12. Bb2 Bb7 13. Re1 Nbd7 14. Bc2 Nc5 15.
Re3 Qc7 16. Rg3 Rfd8 17. Qd2 Bf8 18. Nd5 Bxd5 19. cxd5 Nce4 20. Qc1 Rac8 21.
Re3 exd5 22. f3 Bc5 23. fxe4 dxe4 24. Rg3 Bxd4+ 25. Bxd4 Rxd4 26. Rxg7+ Kxg7
27. Qg5+ Kf8 28. Qxf6 Rd6 29. Qh8+ Ke7 30. Qe5+ Re6 31. Qg5+ Kf8 32. Rd1 Qxc2
33. Rd8+ Rxd8 34. Qxd8+ Re8 35. Qd6+ Kg8 36. Qg3+ Kh8 37. Qf4 e3 0-1

[Event "LV C.to Italiano"]
[Site "Verona ITA"]
[Date "1995.12.??"]
[Round "3"]
[White "Sarno, Spartaco"]
[Black "Godena, Michele"]
[Result "0-1"]
[WhiteElo "2405"]
[BlackElo "2420"]
[PlyCount "120"]
[EventDate "1995.12.08"]

1. c4 e6 2. Nf3 d5 3. b3 Be7 4. Bb2 Nf6 5. g3 b6 6. Bg2 Bb7 7. O-O O-O 8. e3
Nbd7 9. Qe2 a5 10. d3 a4 11. Nbd2 c5 12. Rac1 axb3 13. axb3 Ra2 14. Rc2 Qa8 15.
Nb1 d4 16. Ne1 Bxg2 17. Nxg2 Ne5 18. e4 Nc6 19. Qd1 Nb4 20. Re2 Nd7 21. f4 Nb8
22. e5 b5 23. cxb5 Qa5 24. Ne1 Qxb5 25. Na3 Qa6 26. Nc4 N8c6 27. Bc1 Ra1 28.
Nc2 Nxc2 29. Rxc2 Nb4 30. Rb2 Rxc1 31. Qxc1 Nxd3 32. Qc2 Nxb2 33. Qxb2 Rb8 34.
Rb1 h5 35. Qc2 Qb7 36. Qd2 Ra8 37. Qe2 h4 38. Qg2 Qxg2+ 39. Kxg2 Ra7 40. Rb2
Ra1 41. Nd2 f5 42. exf6 gxf6 43. Nc4 Kf7 44. g4 Bd8 45. b4 Bc7 46. bxc5 Bxf4
47. Kf3 Rc1 48. Nd6+ Bxd6 49. cxd6 e5 50. Rb7+ Ke6 51. d7 Rc3+ 52. Ke2 Ke7 53.
Rb6 Kxd7 54. Rxf6 Rc2+ 55. Kf3 Rxh2 56. g5 h3 57. Rh6 Ke7 58. Ke4 Re2+ 59. Kf5
h2 60. Rh7+ Kd6 0-1

[Event "LV C.to Italiano"]
[Site "Verona ITA"]
[Date "1995.12.??"]
[Round "3"]
[White "Tencati, Giuseppe"]
[Black "Tatai, Stefano"]
[Result "1/2-1/2"]
[WhiteElo "1900"]
[BlackElo "2435"]
[PlyCount "135"]
[EventDate "1995.12.08"]

1. Nf3 Nf6 2. d4 e6 3. c4 d5 4. Nc3 Bb4 5. Bg5 Nbd7 6. e3 c5 7. cxd5 exd5 8.
Rc1 Qa5 9. Qc2 O-O 10. Bd3 Re8 11. O-O c4 12. Bf5 g6 13. Bh3 Ne4 14. Nxe4 dxe4
15. Bxd7 exf3 16. Bxc8 fxg2 17. Rfd1 Raxc8 18. Bf4 Qd5 19. Qe2 b5 20. f3 Bd6
21. Bxd6 Qxd6 22. e4 Qf4 23. Rc3 f5 24. Qe3 Qh4 25. e5 f4 26. Qe4 Rcd8 27. Rc2
Qh5 28. Re2 b4 29. d5 c3 30. bxc3 bxc3 31. Rc1 Qf5 32. Rxc3 Qxe4 33. fxe4 Rxe5
34. Kxg2 Rdxd5 35. Kf3 Rc5 36. Rxc5 Rxc5 37. Kxf4 Kf7 38. Rb2 g5+ 39. Ke3 Ra5
40. Kf3 h5 41. Ke3 Ke6 42. Rf2 Ra3+ 43. Kd4 g4 44. Rc2 a5 45. Rc6+ Kd7 46. Rc2
a4 47. Ke5 Rh3 48. Rd2+ Ke7 49. Rb2 a3 50. Rc2 Rf3 51. Rc7+ Kd8 52. Rc2 Kd7 53.
Rd2+ Ke7 54. Rc2 h4 55. Rc7+ Kf8 56. Rc2 g3 57. hxg3 hxg3 58. Rg2 Ke7 59. Rg1
Kf7 60. Kd6 Kf6 61. e5+ Kf5 62. e6 Rd3+ 63. Ke7 Kg4 64. Kf7 Rf3+ 65. Kg7 Re3
66. Kf7 Kh3 67. e7 Kh2 68. Rc1 1/2-1/2

[Event "LV C.to Italiano"]
[Site "Verona ITA"]
[Date "1995.12.??"]
[Round "4"]
[White "Arlandi, Ennio"]
[Black "Sarno, Spartaco"]
[Result "1/2-1/2"]
[WhiteElo "2455"]
[BlackElo "2405"]
[PlyCount "39"]
[EventDate "1995.12.08"]

1. d4 Nf6 2. c4 g6 3. g3 c6 4. Bg2 d5 5. cxd5 cxd5 6. Nc3 Bg7 7. Nf3 O-O 8. Ne5
e6 9. O-O Nfd7 10. f4 Nc6 11. Be3 Nb6 12. Bf2 Ne7 13. Rc1 f6 14. Nd3 f5 15. Nc5
Nc4 16. b3 Nd6 17. e3 b6 18. Nd3 Ba6 19. Re1 Rc8 20. Re2 1/2-1/2

[Event "LV C.to Italiano"]
[Site "Verona ITA"]
[Date "1995.12.??"]
[Round "4"]
[White "Belotti, Bruno"]
[Black "Godena, Michele"]
[Result "1/2-1/2"]
[WhiteElo "2380"]
[BlackElo "2420"]
[PlyCount "84"]
[EventDate "1995.12.08"]

1. e4 Nc6 2. Nc3 Nf6 3. d4 d5 4. e5 Nd7 5. Nxd5 Ndb8 6. Ne3 Qxd4 7. Qxd4 Nxd4
8. c3 Ne6 9. Nc4 Nc6 10. Be3 g5 11. Nf3 g4 12. Nd4 Nexd4 13. cxd4 Be6 14. Na3
O-O-O 15. Nc2 f6 16. exf6 exf6 17. Bb5 Bd5 18. O-O Be4 19. Rac1 Bd6 20. Rfd1
Ne7 21. Ne1 Nd5 22. Nd3 c6 23. Nc5 Bxc5 24. Rxc5 h5 25. Be2 Rdg8 26. a3 g3 27.
Bf1 Nxe3 28. fxe3 gxh2+ 29. Kxh2 h4 30. Rd2 Rg3 31. Bd3 Rxe3 32. Bxe4 Rxe4 33.
d5 Re5 34. Rdc2 Kc7 35. dxc6 Rxc5 36. Rxc5 bxc6 37. Rf5 Rh6 38. Kh3 Kb6 39. Rf4
Kb5 40. Rb4+ Kc5 41. Ra4 Rh7 42. Rf4 Rh6 1/2-1/2

[Event "LV C.to Italiano"]
[Site "Verona ITA"]
[Date "1995.12.??"]
[Round "4"]
[White "Marinelli, Tullio"]
[Black "Tencati, Giuseppe"]
[Result "1-0"]
[WhiteElo "2440"]
[BlackElo "1900"]
[PlyCount "27"]
[EventDate "1995.12.08"]

1. d4 d5 2. c4 c6 3. Nf3 Nf6 4. Nc3 e6 5. e3 Nbd7 6. Bd3 Bd6 7. O-O O-O 8. e4
dxe4 9. Nxe4 Nxe4 10. Bxe4 Nf6 11. Bc2 c5 12. Bg5 b6 13. Qd3 g6 14. dxc5 1-0

[Event "LV C.to Italiano"]
[Site "Verona ITA"]
[Date "1995.12.??"]
[Round "4"]
[White "Martorelli, Antonio"]
[Black "Contin, Daniel"]
[Result "1/2-1/2"]
[WhiteElo "2320"]
[BlackElo "2365"]
[PlyCount "126"]
[EventDate "1995.12.08"]

1. e4 c6 2. Nc3 d5 3. Nf3 dxe4 4. Nxe4 Nf6 5. Nxf6+ exf6 6. Bc4 Nd7 7. O-O Be7
8. Re1 O-O 9. d4 Nb6 10. Bd3 Be6 11. c3 Qd7 12. Qc2 g6 13. Bh6 Rfe8 14. Re2 Bd5
15. Be4 Bd6 16. Rae1 Re6 17. b3 Rae8 18. c4 Bxe4 19. Rxe4 Bb4 20. R1e2 Qe7 21.
R4e3 Qd8 22. h3 Nc8 23. Qd3 Bc5 24. Rd2 Bb6 25. Ree2 Ba5 26. Rb2 Nd6 27. g4 Qe7
28. Kf1 Ne4 29. Bf4 Bc7 30. Bxc7 Qxc7 31. b4 Qf4 32. Kg2 f5 33. Qe3 Qxe3 34.
Rxe3 fxg4 35. hxg4 Nd6 36. Rxe6 Rxe6 37. Rc2 Re4 38. Kg3 Kg7 39. a4 h5 40. gxh5
gxh5 41. Kh3 Kf6 42. b5 Kf5 43. c5 Nc8 44. bxc6 bxc6 45. Rb2 f6 46. a5 Re7 47.
Rb8 Re8 48. Rb3 Re7 49. a6 Ke4 50. Kh4 Rh7 51. Re3+ Kd5 52. Re8 Ne7 53. Kg3 Kc4
54. Rb8 Nf5+ 55. Kf4 Nxd4 56. Nxd4 Kxd4 57. Rb7 Rh8 58. Rxa7 h4 59. Rd7+ Kxc5
60. a7 Kb6 61. Rh7 Ra8 62. Kf5 Rxa7 63. Rxh4 Ra8 1/2-1/2

[Event "LV C.to Italiano"]
[Site "Verona ITA"]
[Date "1995.12.??"]
[Round "5"]
[White "Contin, Daniel"]
[Black "Belotti, Bruno"]
[Result "0-1"]
[WhiteElo "2365"]
[BlackElo "2380"]
[PlyCount "74"]
[EventDate "1995.12.08"]

1. c4 Nf6 2. Nc3 e6 3. d4 d5 4. cxd5 exd5 5. Bg5 Be7 6. e3 O-O 7. Bd3 Nbd7 8.
Nge2 Re8 9. Ng3 h6 10. h4 c5 11. Kf1 cxd4 12. exd4 Nf8 13. Nf5 Bxf5 14. Bxf5 g6
15. Bxf6 Bxf6 16. Bc2 Bxh4 17. Qg4 Bg5 18. Bb3 Ne6 19. Rd1 h5 20. Qf3 Bf6 21.
Nxd5 Bg7 22. Nc3 Qb6 23. g4 hxg4 24. Qxg4 Nxd4 25. Bc4 Rad8 26. Rh3 Qc6 27. b3
b5 28. Bd3 Qxc3 29. Bxg6 Qc7 30. Bh7+ Kf8 31. Rg3 Qe5 32. Bd3 Qf6 33. Qh5 Re5
34. Qg4 Red5 35. Be4 R5d6 36. Kg2 Ne6 37. Rh1 Nf4+ 0-1

[Event "LV C.to Italiano"]
[Site "Verona ITA"]
[Date "1995.12.??"]
[Round "5"]
[White "De Santis, Alessio"]
[Black "Marinelli, Tullio"]
[Result "1/2-1/2"]
[WhiteElo "2260"]
[BlackElo "2440"]
[PlyCount "83"]
[EventDate "1995.12.08"]

1. d4 Nf6 2. Nf3 e6 3. Nbd2 c5 4. e3 b6 5. Bd3 Bb7 6. O-O Nc6 7. Re1 Be7 8. c3
Qc7 9. a3 d5 10. b4 O-O 11. Bb2 c4 12. Bc2 b5 13. Qe2 g6 14. Rad1 a5 15. Bc1
axb4 16. cxb4 Rfd8 17. Nb1 Ne4 18. Nfd2 f5 19. Nf1 e5 20. f3 Nf6 21. dxe5 Qxe5
22. Qf2 Bf8 23. Re2 Bg7 24. Bd2 d4 25. exd4 Qxd4 26. Be3 Qa1 27. Red2 Rxd2 28.
Qxd2 Rd8 29. Qc3 Nd5 30. Qxa1 Bxa1 31. Bc5 Bf6 32. Kf2 Kf7 33. Ne3 Ke6 34. Nxd5
Rxd5 35. Rxd5 Kxd5 36. Ke3 Bb2 37. Kd2 Ke6 38. a4 bxa4 39. Bxa4 Be5 40. h3 Ne7
41. Bb5 Bd5 42. Na3 1/2-1/2

[Event "LV C.to Italiano"]
[Site "Verona ITA"]
[Date "1995.12.??"]
[Round "5"]
[White "Godena, Michele"]
[Black "Arlandi, Ennio"]
[Result "1-0"]
[WhiteElo "2420"]
[BlackElo "2455"]
[PlyCount "121"]
[EventDate "1995.12.08"]

1. e4 c6 2. d4 d5 3. Nc3 dxe4 4. Nxe4 Nd7 5. Bc4 Ngf6 6. Ng5 e6 7. Qe2 Nb6 8.
Bd3 h6 9. N5f3 c5 10. dxc5 Bxc5 11. Ne5 Nbd7 12. Ngf3 Qc7 13. O-O Nxe5 14. Nxe5
O-O 15. Bf4 Bd6 16. Rad1 Rd8 17. c4 b6 18. Bc2 Bb7 19. Rfe1 Bb4 20. Rf1 Rxd1
21. Rxd1 Rd8 22. Rxd8+ Qxd8 23. Qd3 Be7 24. Qxd8+ Bxd8 25. Nd3 Ne8 26. Bb8 a5
27. Ba4 Kf8 28. Ne5 Ke7 29. Nc6+ Bxc6 30. Bxc6 Bc7 31. Ba7 Nd6 32. c5 Nc8 33.
cxb6 Nxb6 34. Kf1 Kd6 35. Be8 f6 36. h4 Kc5 37. Ke2 Kd4 38. Bf7 e5 39. Bg6 e4
40. Kd2 Ke5 41. g3 f5 42. h5 f4 43. gxf4+ Kxf4 44. Ke2 Ke5 45. f3 exf3+ 46.
Kxf3 Kd5 47. Be8 Kd4 48. Ke2 Ke4 49. Kd2 Kd4 50. Ke2 Ke4 51. Kd2 Kd4 52. Kc2
Kc4 53. a3 Kd4 54. b3 Ke3 55. b4 axb4 56. a4 Ke4 57. Kb3 Ke5 58. Kxb4 Bd6+ 59.
Kb5 Nd5 60. Kc4 Ke6 61. Bd7+ 1-0

[Event "LV C.to Italiano"]
[Site "Verona ITA"]
[Date "1995.12.??"]
[Round "5"]
[White "Tencati, Giuseppe"]
[Black "Martorelli, Antonio"]
[Result "0-1"]
[WhiteElo "1900"]
[BlackElo "2320"]
[PlyCount "66"]
[EventDate "1995.12.08"]

1. d4 d5 2. c4 c6 3. Nf3 e6 4. Nc3 dxc4 5. a4 Bb4 6. Ne5 b5 7. e3 Nf6 8. Qf3
Qd5 9. Be2 Qxf3 10. Bxf3 Nd5 11. Bd2 Bxc3 12. bxc3 f6 13. Bxd5 exd5 14. Nf3 Bf5
15. O-O Bc2 16. axb5 cxb5 17. Bc1 Nc6 18. Ba3 Kd7 19. Rfc1 Bd3 20. Bc5 a5 21.
Nd2 Rhb8 22. Ra2 b4 23. f3 a4 24. cxb4 Nxb4 25. Bxb4 Rxb4 26. Rc3 a3 27. Rcxa3
Rxa3 28. Rxa3 Rb2 29. Nf1 Rb1 30. Rxd3 cxd3 31. Kf2 Rb2+ 32. Ke1 Rxg2 33. h4 h5
0-1

[Event "LV C.to Italiano"]
[Site "Verona ITA"]
[Date "1995.12.??"]
[Round "6"]
[White "Contin, Daniel"]
[Black "Tencati, Giuseppe"]
[Result "1-0"]
[WhiteElo "2365"]
[BlackElo "1900"]
[PlyCount "45"]
[EventDate "1995.12.08"]

1. c4 c6 2. e4 d5 3. exd5 cxd5 4. d4 Nf6 5. Nc3 e6 6. Nf3 Be7 7. a3 O-O 8. c5
b6 9. b4 a5 10. Na4 bxc5 11. bxc5 Nfd7 12. Bf4 Ba6 13. Bxa6 Rxa6 14. Qd3 Qc8
15. Rb1 Nc6 16. O-O Bf6 17. Rfc1 e5 18. dxe5 Ndxe5 19. Bxe5 Nxe5 20. Nxe5 Bxe5
21. Nb6 Qb7 22. Nxd5 Qa7 23. c6 1-0

[Event "LV C.to Italiano"]
[Site "Verona ITA"]
[Date "1995.12.??"]
[Round "6"]
[White "Marinelli, Tullio"]
[Black "Sarno, Spartaco"]
[Result "1-0"]
[WhiteElo "2440"]
[BlackElo "2405"]
[PlyCount "57"]
[EventDate "1995.12.08"]

1. d4 Nf6 2. c4 g6 3. Nc3 d5 4. Nf3 Bg7 5. Qb3 dxc4 6. Qxc4 O-O 7. e4 Na6 8.
Be2 c5 9. d5 e6 10. O-O exd5 11. exd5 Bf5 12. Bf4 Re8 13. Ne5 Qb6 14. d6 Be6
15. Qb5 Nb4 16. Rad1 Nfd5 17. Nxd5 Nxd5 18. Bg3 Bxe5 19. Bxe5 Bd7 20. Qxd7 Rxe5
21. Bc4 Rd8 22. Qxd8+ Qxd8 23. Bxd5 b5 24. f4 Rf5 25. Bb7 Qd7 26. Rfe1 Qxb7 27.
d7 Rd5 28. Re8+ Kg7 29. Rxd5 1-0

[Event "LV C.to Italiano"]
[Site "Verona ITA"]
[Date "1995.12.??"]
[Round "6"]
[White "Martorelli, Antonio"]
[Black "De Santis, Alessio"]
[Result "0-1"]
[WhiteElo "2320"]
[BlackElo "2260"]
[PlyCount "76"]
[EventDate "1995.12.08"]

1. e4 d6 2. d4 Nf6 3. Nc3 c6 4. h3 Nbd7 5. Nf3 e5 6. Bc4 Be7 7. O-O O-O 8. a4
Nxe4 9. Nxe4 d5 10. Nxe5 Nxe5 11. dxe5 dxc4 12. Nd6 Be6 13. Nxb7 Qc7 14. Nd6
Rad8 15. Qf3 Bxd6 16. exd6 Qxd6 17. Bf4 Qd5 18. Qg3 Qf5 19. Rac1 Rd5 20. Rfe1
Qg6 21. Qc3 Rf5 22. Be5 Bd5 23. Bg3 h5 24. h4 Rf4 25. Re5 Rg4 26. Rce1 f6 27.
Re7 Rxh4 28. Rxa7 Qg4 29. f4 Rh1+ 30. Kf2 Rxe1 31. Qxe1 h4 32. Qe3 Qxg3+ 33.
Qxg3 hxg3+ 34. Kxg3 Rb8 35. a5 Rxb2 36. a6 Rxc2 37. Rd7 Rxg2+ 38. Kh3 Ra2 0-1

[Event "LV C.to Italiano"]
[Site "Verona ITA"]
[Date "1995.12.??"]
[Round "6"]
[White "Tatai, Stefano"]
[Black "Godena, Michele"]
[Result "1/2-1/2"]
[WhiteElo "2435"]
[BlackElo "2420"]
[PlyCount "62"]
[EventDate "1995.12.08"]

1. e4 e5 2. Nf3 Nc6 3. Nc3 Nf6 4. d4 exd4 5. Nxd4 Bb4 6. Nxc6 bxc6 7. Bd3 d5 8.
exd5 cxd5 9. Bb5+ Bd7 10. Qe2+ Be7 11. Bxd7+ Qxd7 12. O-O O-O 13. Bf4 Rfe8 14.
Rad1 c6 15. Qd3 Bd6 16. Bxd6 Qxd6 17. Rfe1 Qb4 18. Rxe8+ Rxe8 19. b3 h5 20. h3
h4 21. Qd2 Nh5 22. Re1 Rxe1+ 23. Qxe1 Nf6 24. Kf1 Qa3 25. Qd2 Qb2 26. a4 Qa1+
27. Qe1 Qb2 28. Qd2 Qa3 29. f3 Qb4 30. Ne4 Qxd2 31. Nxd2 Nh5 1/2-1/2

[Event "LV C.to Italiano"]
[Site "Verona ITA"]
[Date "1995.12.??"]
[Round "7"]
[White "Arlandi, Ennio"]
[Black "Tatai, Stefano"]
[Result "1-0"]
[WhiteElo "2455"]
[BlackElo "2435"]
[PlyCount "33"]
[EventDate "1995.12.08"]

1. d4 Nf6 2. c4 e6 3. Nc3 c5 4. d5 exd5 5. cxd5 d6 6. e4 g6 7. h3 Bg7 8. Nf3
O-O 9. Bd3 Re8 10. O-O c4 11. Bc2 Bd7 12. Bf4 Qb6 13. Rb1 Na6 14. e5 dxe5 15.
Nxe5 Bxh3 16. gxh3 Nh5 17. Be3 1-0